000
00211nam a2200109Ia 4500
100
_a
DUN & BRANDSTREET
942
_c
BK
245
_a
MANAGING YOUR MANPOWER
260
_b
#N/A
546
_a
ENGLISH
999
_c
28557
_d
28557